000 00375nam a2200157Ia 4500
008 230917s9999||||xx |||||||||||||| ||und||
040 _e29736
_aMAIN
041 _aEnglish
082 _a658.4 K877O
100 _aKreitner, Robert
245 0 _aOrganizational behavior
250 _a4th ed.
260 _aBoston
_bIrwin/Mcgraw-Hill
_c1998
300 _a670 p.
942 _cBK
999 _c92661
_d92661